000 01455nam a2200277 a 4500
003 BLK
005 20250313142317.0
008 230323b bu |||||r|||| 00| | bu d
020 _a9789543374540
040 _aBLK
041 _aBUL
_cBUL
080 _aВоенноморски флот - Персонал и организация. Служби. Части, принадлежащи към военно-морския флот - морска пехота, морскаартилерия и въздушни сили;технически служби в морския флот;санитарна служба
_b359
_x(497.2)(091)
_z359(497.2)(091)
100 _9486968
_aХристов, Васил Николов
245 _aДунавска военна флотилия (1879 - 1945)
_cВасил Николов Христов.
260 _9209556
_aРусе
_bАвангард принт
_c2023
_n978-954-337- ; 954-9548-
300 _a156 с.
_bсъс сн., портр.
_c20 см
380 _a3
500 _aПриложения. - Бел. и библиогр. под линия.
650 0 _9433492
_aВоенноморски сили
653 0 _9486970
_aДунавска военна флотилия
653 7 _9187889
_aистория
852 _bЦб
942 _cKNG
_n0
_s1
_02
944 _aCR
_c2023-03-23
_k30534
_lРадостина Карадакова
999 _c489851
_d489851